000 00337 a2200145 4500
001 153321
040 _cEscola São Tomás de Aquino
100 _aABRAMOVICH, Fanny
240 1 0 _aPor trás das portas
_lpor
245 1 0 _aPor trás das portas
300 _a71
362 0 _a2014
697 _a*LITERATURA INFANTO JUVENIL
942 _cBK
999 _c153321
_d153321